000 00237 a2200097 4500
001 51025
100 _aFurniss Tim
245 _aSpace Flight: The Records
260 _aGreat Britain
_bGuinness Superlatives Ltd
_c
090 _c32313
_d32313
942 _aNUST-CAE
_cM
_c24796
999 _c286098
_d286098